Представление документа в формате RUSMARC

ПолеНазваниеЗначение
  Тип записи a
  Библиографический уровень m
001 Контрольный номер RU/SLIB/B/208747525
005 Дата корректировки 20201206204118.5
010 Индекс ISBN __
d Цена 0-85
101 Язык документа __
a Язык текста rus
200 Заглавие и сведения об ответственности 1_
a Заглавие Обработка древесины в школьных мастерских
e Сведения, относящиеся к заглавию кн. для учителей техн. труда и руководителей кружков
b Общее обозначение материала Текст
210 Выходные данные __
a Место издания М.
c Издательство Просвещение
d Дата издания 1984
215 Физическое описание __
a Объем 175 с.
c Иллюстрации/тип воспроизводства ил.
606 Тематические рубрики __
a Основная рубрика Образование. Педагогика
606 Тематические рубрики __
a Основная рубрика Методика преподавания учебных предметов
610 Ключевые слова __
a Ключевые слова трудовое воспитание; уроки труда; обработка древесины; древесина; склеивание древесины; изделия из древесины; преподавание технологии; методика преподавания труда
686 Индексы других классификаций __
a Классификационный индекс 74.263.0; В74.26
700 Автор _1
a Фамилия Рихвк
b Имя Э. В.
4 Код отношения 070
801 Источник записи _0
a Страна RU
b Организация Муниципальное бюджетное учреждение культуры "Централизованная библиотечная система" г. Сургут (Центральная городская библиотека им. А. С. Пушкина)
g Правила каталогизации КиК/Лебедева
801 Источник записи _1
a Страна RU
b Организация Муниципальное бюджетное учреждение культуры "Централизованная библиотечная система" г. Сургут (Центральная городская библиотека им. А. С. Пушкина)
g Правила каталогизации КиК/Лебедева
852 Данные о местонахождении __
j Шифр хранения 74.263.0
c Каталожный индекс 74.263
i Авторский знак Р 55
p Инвентарный номер 20837
901 Тип документа __
t Тип документа m
990 Данные о заказе (DOS) __
j Количество экземпляров (DOS) 1